| 000 | 00376nam a2200145Ia 4500 | ||
|---|---|---|---|
| 008 | 210324s9999||||xx |||||||||||||| ||und|| | ||
| 040 | _cSTCPL | ||
| 041 | _hMAL | ||
| 082 |
_a894.812 09 _bKUN-K |
||
| 245 | 0 |
_aKokasandesam _hകോകസന്ദേശം |
|
| 260 |
_aKottayam _bNational Book Stall _c1959 |
||
| 300 | _a99 | ||
| 650 | _aGeneralA - Z, PLATES, MAPS | ||
| 942 | _cBK | ||
| 999 |
_c7354 _d7354 |
||